Pourquoi je ne suis pas chrétien et autres textes / (Record no. 168842)

MARC details
000 -LEADER
campo de control de longitud fija 00896nam a22002415i 4500
001 - NÚMERO DE CONTROL
campo de control 168842
003 - IDENTIFICADOR DE NÚMERO DE CONTROL
campo de control ES-MaACL
005 - FECHA Y HORA DE LA ÚLTIMA TRANSACCIÓN
campo de control 20240825063042.0
008 - DATOS DE LONGITUD FIJA--INFORMACIÓN GENERAL
campo de control de longitud fija 080613s1960 sz |||| | fra d
080 ## - NÚMERO DE LA CLASIFICACIÓN DECIMAL UNIVERSAL
Número de la Clasificación Decimal Universal 211.5
100 1# - ENTRADA PRINCIPAL--NOMBRE DE PERSONA
Nombre de persona Russell, Bertrand,
Fechas asociadas al nombre 1872-1970
9 (RLIN) 101033
245 10 - MENCIÓN DEL TÍTULO
Título Pourquoi je ne suis pas chrétien et autres textes /
Mención de responsabilidad, etc. Bertrand Russell ; traduction de Guy Le Clech ; avant-propos de Louis Rougier et une étude de Paul Edwards.
260 ## - PUBLICACIÓN, DISTRIBUCIÓN, ETC.
Lugar de publicación, distribución, etc. [S.l.] :
Nombre del editor, distribuidor, etc. Jean-Jacques Pauvert,
Fecha de publicación, distribución, etc. [1960]
300 ## - DESCRIPCIÓN FÍSICA
Extensión 177 p. ;
Dimensiones 18 cm.
490 1# - MENCIÓN DE SERIE
Mención de serie Libertés ;
Designación de volumen o secuencia 11
650 14 - PUNTO DE ACCESO ADICIONAL DE MATERIA--TÉRMINO DE MATERIA
Término de materia o nombre geográfico como elemento de entrada Librepensamiento.
9 (RLIN) 14423
700 1# - ENTRADA AGREGADA--NOMBRE PERSONAL
Nombre de persona Le Clech, Guy.
9 (RLIN) 137965
700 1# - ENTRADA AGREGADA--NOMBRE PERSONAL
Nombre de persona Rougier, Louis.
9 (RLIN) 100019
700 1# - ENTRADA AGREGADA--NOMBRE PERSONAL
Nombre de persona Edwards, Paul.
9 (RLIN) 137966
830 0# - PUNTO DE ACCESO ADICIONAL DE SERIE-TÍTULO UNIFORME
Título uniforme Libertés ;
Designación de volumen o secuencia 11
9 (RLIN) 185155
852 ## - LOCALIZACIÓN
Ubicación ES-MaACL
Número de control de estantería E-12176
itemnumber R.190407
Nota libre .- Biblioteca Jacinto Martínez Lacalle
Holdings
Estatus retirado Estado de pérdida Estado de daño No para préstamo Biblioteca de origen Biblioteca actual Ubicación en estantería Fecha de adquisición Fuente de adquisición Total de préstamos Signatura topográfica completa Código de barras Visto por última vez Precio de reemplazo Tipo de ítem Koha
        Biblioteca del Ateneo de Madrid Biblioteca del Ateneo de Madrid Depósito 2 13/06/2008     E-12176 1177192 23/02/2023 23/02/2023 Libro impreso